00638nam a2200205Ia 4500001000900000003000500009005001700014008004100031010001100072040000900083082002100092110005700113245011400170260002900284300001100313503000700324650002900331650002600360710004600386dia_1747CHAP20230327092817.0220117s1970 xx 000 0 und d a172283 cCHAP a630.972 M49 1970 aMéxico : Secretaría de Agricultura y Ganadería aPlan Nacional Agrícola, Ganadero y Forestal : etapa 1969-1970 /c Secretaría de Agricultura y Ganadería aMéxico :b SAG,c1970 a556 p. aD. aAgriculturaxMéxico /  aGanaderíaxMéxico aSecretaría de Agricultura y Ganadería